Abreviatúry v digitálne sprostredkovanej komunikácii v anglickom jazyku

Iniciálové skratky zastupujúce frázy, kolokácie, vety. Štruktúra abreviačných motivantov inicializmov fráz. Funkcie a použitie inicializmov fráz vo vetách. Homofóny grafém. Simplifikácia ortografie.

Saved in:
Bibliographic Details
Main Author: Maierová, Eva, 1965-
Format: Book Chapter
Language:Slovak
Subjects:
Tags: Add Tag
No Tags, Be the first to tag this record!

MARC

LEADER 00000naa$a2200000$$$4500
001 0261309
005 20240502074142.0
041 0 |a slo 
044 |a SK 
245 1 0 |a Abreviatúry v digitálne sprostredkovanej komunikácii v anglickom jazyku  |c Eva Maierová 
520 |a Iniciálové skratky zastupujúce frázy, kolokácie, vety. Štruktúra abreviačných motivantov inicializmov fráz. Funkcie a použitie inicializmov fráz vo vetách. Homofóny grafém. Simplifikácia ortografie. 
610 2 0 |a angličtina 
610 2 0 |a jazyky cudzie 
610 2 0 |a komunikácia elektronická 
100 1 |a Maierová, Eva, 1965-